Aasan / (Record no. 6677)
[ view plain ]
| 000 -LEADER | |
|---|---|
| fixed length control field | 00292cam a2200133ua 4500 |
| 041 ## - LANGUAGE CODE | |
| Language code of text/sound track or separate title | mal |
| 082 ## - DEWEY DECIMAL CLASSIFICATION NUMBER | |
| Classification number | 894.81209 |
| Item number | HAR/AA |
| 100 ## - MAIN ENTRY--AUTHOR NAME | |
| Personal name | Harisharma, A D . |
| 245 ## - TITLE STATEMENT | |
| Title | Aasan / |
| 300 ## - PHYSICAL DESCRIPTION | |
| Number of Pages | 272 ; . |
| 942 ## - ADDED ENTRY ELEMENTS (KOHA) | |
| Koha item type | Books |
| Withdrawn status | Lost status | Damaged status | Home library | Current library | Date acquired | Full call number | Accession Number | Koha item type |
|---|---|---|---|---|---|---|---|---|
| Withdrawn | KAUAET | KAUAET | 07/04/2012 | 894.81209 | 8352 | Books |
